header

The concept of development (Record no. 39519)

MARC details
000 -LEADER
fixed length control field 01554nam a2200349 a 4500
100 1# - MAIN ENTRY--AUTHOR NAME
Personal name Harris, Dale B.
245 14 - TITLE STATEMENT
Title The concept of development
260 ## - PUBLICATION, DISTRIBUTION, ETC. (IMPRINT)
Place of publication Minneapolis :
Name of publisher University of Minnesota Press,
Year of publication c1957
300 ## - PHYSICAL DESCRIPTION
Number of Pages x, 287 p. :
Other physical details ill.
490 1# - SERIES STATEMENT
Series statement Minnesota paperbacks ;
500 ## - GENERAL NOTE
General note Papers presented at a conference held at the University of Minnesota, Dec. 8-10, 1955, to recognize the Institute of Child Welfare's productive work of three decades.
650 #0 - SUBJECT ADDED ENTRY--TOPICAL TERM
Topical Term Developmental psychology.
Topical Term Human growth.
Topical Term Human behavior.
856 40 - ELECTRONIC LOCATION AND ACCESS
Uniform Resource Identifier http://site.ebrary.com/lib/rucke/Doc?id=10231120

No items available.

© 2026 Rongo University
Contact us: librarian | system librarian | Rongo university